| 000 | 00827 a2200253 4500 | ||
|---|---|---|---|
| 001 | 20943 | ||
| 999 |
_c20943 _d7622 |
||
| 003 | TR-AnTOB | ||
| 005 | 20210416154934.0 | ||
| 008 | 041102s1992 tu tur | ||
| 020 | _a975753871X | ||
| 041 | _atur | ||
| 050 |
_aDG231 _b.L5919 1992-2001 |
||
| 090 | _aDG231 .L5919 1992-2001 | ||
| 100 |
_aLivius, Titius _913913 |
||
| 245 | 0 |
_aRoma tarihi: şehrin kuruluşundan itibaren (Ab urbe condita) / _cTitius Livius ; çev. Sabahat Şenbark ; yay. ve yön. Nezih Başgelen. |
|
| 264 | 1 |
_aİstanbul : _bArkeoloji ve Sanat Yayınları, _c1992-2001 |
|
| 300 |
_a6 v. ; _c20 cm. |
||
| 490 | 0 | _aArkeoloji ve Sanat Yayınları; Antik Kaynaklar Dizisi; 3 | |
| 500 | _aIncludes bibliographies. | ||
| 651 | 7 |
_aRoma _xUygarlık _2etuturkob _910197 |
|
| 651 | 7 |
_aRoma _xTarih _2etuturkob _912500 |
|
| 902 | _a0010357 | ||
| 942 | _cBK | ||